Kawan yang aneh

Bibliographic Details
Main Author: Mohamad Aziz
Format: Book
Published: Kuala Lumpur : Mika Enterprise , 1996
Series:Cerita ajaib wira baru
Subjects:

MARC

LEADER 00000cam a2200000 7i4500
001 0000009252
002 000010078
005 20000330.0
020 |a 9677401815 
090 0 0 |a JF   |b MOH 
100 0 |a Mohamad Aziz 
245 1 0 |a Kawan yang aneh   |c Mohamad Aziz 
260 |a Kuala Lumpur :   |b Mika Enterprise ,   |c 1996 
300 |a 32p. :   |b ill ;   |c 17cm. 
490 0 |a Cerita ajaib wira baru 
650 0 0 |a Children's stories, Malay 
999 |a 051592   |b BUKU   |c PINJAMAN   |e PERPUSTAKAAN KOMUNITI PETALING JAYA 
999 |a 053811   |b BUKU   |c PINJAMAN   |e PERPUSTAKAAN KOMUNITI CAW KOTA DAMANSARA 
999 |a 053812   |b BUKU   |c PINJAMAN   |e PERPUSTAKAAN KOMUNITI CAW KOTA DAMANSARA